| 000 | 00920nam a2200277 a 4500 | ||
|---|---|---|---|
| 001 | 35245 | ||
| 003 | BD-RjUL | ||
| 005 | 20211209052302.0 | ||
| 008 | 140522s1957 ii b 001 0 eng d | ||
| 035 | _a(BD-RjUL)35339 | ||
| 040 |
_aERE _cERE _dm/c _dEQO _dBD-RjUL _beng |
||
| 041 | _aeng | ||
| 082 | 0 | 0 |
_bGHC 1957 _a305.5122054 |
| 090 |
_aDS422.C3 _bG5 1957 |
||
| 100 | 1 |
_aGhurye, G. S. _q(Govind Sadashiv), _d1893-1983 _995867 |
|
| 245 | 1 | 0 |
_aCaste and class in India / _cG.S. Ghurye. |
| 250 | _a2nd ed. | ||
| 260 |
_aBombay : _bPopular Book Depot, _c1957. |
||
| 300 |
_axi, 316 p. ; _c23 cm. |
||
| 500 | _a"First published as: Caste and race in India, in 1932; Caste and class in India first published 1950"--t.p. verso. | ||
| 500 | _aBibliography: p. [297]-302 - Includes index. | ||
| 650 | 0 |
_aCaste _zIndia _9107387 |
|
| 650 | 0 |
_aEthnology _zIndia _9107388 |
|
| 740 | 0 | _aCaste and race in India | |
| 942 |
_2ddc _cBK |
||
| 999 |
_c35245 _d35245 |
||